000 00596nam a2200205 i 4500
001 177016
003 ES-MaACL
005 20230906220231.0
008 110224s2010 sp |||| | spa d
080 _a821.111-31"19"
100 1 _aLessing, Doris May.
_971850
245 1 0 _aCanta la hierba /
_cDoris Lessing ; [traducción de Pilar Giralt].
260 _a[Madrid] :
_bDiario Público,
_c[2010]
300 _a219 p. ;
_c20 cm.
490 1 _aPremios Nobel
700 1 _aGiralt, Pilar.
_957201
830 0 _aPremios Nobel
_9190333
852 _aES-MaACL
_jE-14431
999 _c177016
_d177016